[Event "Arlington DC op 2nd"]
[Site "Arlington"]
[Date "2014.06.28"]
[Round "5"]
[White "Beckman, Thomas J"]
[Black "Chang, Jeffrey E"]
[Result "0-1"]
[WhiteElo "1961"]
[BlackElo "2050"]
[PlyCount "108"]
[EventDate "2014.06.26"]
[EventType "swiss"]
[EventRounds "9"]
[EventCountry "USA"]
[SourceTitle "CBM 161 Extra"]
[Source "ChessBase"]
[SourceDate "2014.08.29"]
[SourceVersion "1"]
[SourceVersionDate "2014.08.29"]
[SourceQuality "1"]

1. d4 d5 2. Nf3 Nf6 3. g3 c6 4. Bg2 e6 5. 0-0 Nbd7 6. b3 b6 7. Bb2 Bb7 8. Nbd2 Rc8 9. c4 Be7 10. Ne5 0-0 11. Qc2 c5 12. e3 Qc7 13. Nxd7 Qxd7 14. dxc5 dxc4 15. Bxb7 Qxb7 16. Nxc4 Rxc5 17. Bd4 Rc7 18. Qe2 b5 19. Ne5 Rfc8 20. a4 b4 21. Nc4 Qa6 22. f4 Ne8 23. Rf2 Bf6 24. Rd1 Bxd4 25. Rxd4 Rb8 26. Qd1 g6 27. Rfd2 h5 28. Ne5 Nf6 29. g4 hxg4 30. Kf2 Kg7 31. Rd8 Ne4+ 32. Kg2 Rxd8 33. Rxd8 Qb7 34. Kg1 Qb6 35. Nxg4 Rc1 36. Qxc1 Qxd8 37. Qa1+ Nc3 38. Qe1 Qd5 39. Qh4 Qd1+ 40. Kg2 Qd5+ 41. Kg3 Ne4+ 42. Kh3 Qxb3 43. Qe7 Qc3 44. Kh4 Qe1+ 45. Kh3 a5 46. Qa7 Nf2+ 47. Nxf2 Qxf2 48. Qd4+ Kh7 49. Qf6 Qxe3+ 50. Kh4 Qf2+ 51. Kg4 Qg2+ 52. Kh4 Qxh2+ 53. Kg4 Qh5+ 54. Kg3 Qf5 0-1